000
00372nam a2200181Ia 4500
100
_a
Balagurusamy/E
650
_a
C++
250
_a
6
942
_c
BK
366
_f
20
654
_a
C++
245
_a
Object oriented programming With C++
260
_b
McGraw - Hill
_c
2013
082
_a
5.133
_b
BAL
300
_a
543
546
_a
ENGLISH
_c
Computers
999
_c
22123
_d
22123